=LDR 00000nam 2200000 4500 =001 INLIS000000000012026 =005 20151002143708.0 =006 =007 =008 Ind =035 ##$$0010-061300000012026 =041 ##$$a Ind =082 ##$$a 519.5 =090 ##$$a 519.5, Suy b =100 ##$$a Suyuti, Zamzawi =245 ##$$a Buku Materi Pokok Pengantar Statestika Matematika 1: 6-9 ; STAT 4310/3 SKS, Zamsawi soejoti =260 ##$$a 1986 $b Jakarta =300 ##$$a 4Jikid, 30 cm =650 ##$$a Matematika Statis =850 ##$$a NBPNMAT